00353pam a2200121 a 4500020001800000041000500018082001300023100000900036245009200045260004700137300000900184653003800193 a97841564090c h a614bWHO aWHO. aWorking to Overcome the Global impact of neglected tropical diseaseshTextual Documents a[s.l]:bworld Health Organization ,c2010. a172. aIncidence & prevention of disease